Largest Cities in Kansai Region, Japan - Statistics

General Stats
  • This quiz has been taken 99 times
  • The average score is 13 of 20
Answer Stats
Prefecture Population Answer % Correct
Osaka 2,668,586 Osaka
99%
Kyoto 1,474,570 Kyoto
96%
Hyogo 1,530,847 Kobe
92%
Nara 367,393 Nara
89%
Wakayama 372,175 Wakayama
79%
Hyogo 536,170 Himeji
78%
Osaka 835,333 Sakai
75%
Osaka 509,157 Higashi-Osaka
70%
Hyogo 477,156 Nishinomiya
66%
Shiga 329,024 Otsu
64%
Hyogo 461,202 Amagasaki
63%
Hyogo 292,162 Akashi
61%
Osaka 354,600 Suita
57%
Osaka 354,228 Takatsuki
54%
Osaka 406,021 Hirakata
51%
Osaka 272,240 Ibaraki
50%
Osaka 387,269 Toyonaka
50%
Hyogo 267,631 Kakogawa
49%
Osaka 273,444 Yao
47%
Osaka 239,029 Neyagawa
46%
No matching quizzes found
Score Distribution
Percent of People with Each Score
Percentile by Number Answered
Your Score History
You have not taken this quiz